| Tag |
First Indicator |
Second Indicator |
Subfields |
| LEADER |
00000cam a2200000 4500 |
| 001 |
in00000094637 |
| 005 |
20150927110519.0 |
| 008 |
720908s1968 eng u |
| 035 |
|
|
|a (OCoLC)00401996
|
| 035 |
|
|
|9 AAL6508AM
|
| 040 |
|
|
|c RGC
|d TXA
|d UtOrBLW
|
| 049 |
|
|
|a TXAM
|c [1134248]
|
| 090 |
|
|
|a TX301
|b .B63 1968a
|
| 100 |
1 |
|
|a Bradford, Barbara Taylor,
|d 1933-
|
| 245 |
1 |
4 |
|a The complete encyclopedia of homemaking ideas /
|c [Prepared with the cooperation of the National Design Center].
|
| 264 |
|
1 |
|a New York :
|b Hawthorne Books, inc.,
|c [1968]
|
| 300 |
|
|
|a 624p :
|b illustrations (part color) ;
|c 26cm.
|
| 336 |
|
|
|a text
|b txt
|2 rdacontent
|
| 337 |
|
|
|a unmediated
|b n
|2 rdamedia
|
| 338 |
|
|
|a volume
|b nc
|2 rdacarrier
|
| 490 |
0 |
|
|a An Edward Ernest book
|
| 650 |
|
0 |
|a Home economics.
|
| 650 |
|
0 |
|a Interior decoration.
|
| 710 |
2 |
|
|a National Design Center.
|
| 740 |
0 |
|
|a Encyclopedia of homemaking ideas.
|
| 999 |
|
|
|a MARS
|
| 999 |
f |
f |
|s 84929b51-c646-3b06-96ea-f515642283cb
|i e5b53e79-9853-3a21-bd63-95dc99ba7ba0
|t 0
|
| 952 |
f |
f |
|p ric
|a Texas A&M University
|b Rellis Campus
|c Joint Library Facility
|d Remote Storage
|t 0
|e TX301 .B63 1968a
|h Library of Congress classification
|i unmediated -- volume
|m A14805669018
|
| 998 |
f |
f |
|a TX301 .B63 1968a
|t 0
|l Remote Storage
|